000 005940000a22002050004500
003 LK-CoMWRAF
005 20231106161723.0
008 230817t1992 ||||| |||| 00| 0 eng d
020 _a0880298782
040 _aLK-CoMWRAF
_dLK-CoMWRAF
_eLK-CoMWRAF
041 _aeng
082 _a509.1767
_bNAS
100 _aNasr, Seyyed Hossein
245 _aScience and Civilization in Islam
260 _aNew York:
_bBarnes & Nobel Books,
_c1992
300 _a xiv, 384 p. map. 22 cm.
_bBibliography and index included
650 _aScience, Medieval
650 _a Islamic civilization
942 _cBK
999 _c1412
_d1412